| Tag |
First Indicator |
Second Indicator |
Subfields |
| LEADER |
00000cam a2200000 a 4500 |
| 001 |
in00001404423 |
| 007 |
he bmb024bbca |
| 008 |
970807s1996 dcua bb f000 0 eng c |
| 005 |
20230331145511.9 |
| 035 |
|
|
|a (OCoLC)ocm37431240
|
| 035 |
|
|
|9 AHM3283AM
|
| 035 |
|
|
|a in00001404423
|
| 037 |
|
|
|a 157392
|b GAO (202) 512-6000 (Voice); (202) 512-6061 (Fax); (202) 512-2537 (TDD)
|f paper copy
|
| 040 |
|
|
|a GPO
|c GPO
|d MvI
|d UtOrBLW
|
| 042 |
|
|
|a pcc
|
| 043 |
|
|
|a n-us---
|
| 049 |
|
|
|a UMIC
|
| 049 |
|
|
|a WWW
|
| 074 |
|
|
|a 0546-D (MF)
|
| 074 |
|
|
|a 0546-D (online)
|
| 086 |
0 |
|
|a GA 1.13:PEMD-96-16
|
| 088 |
|
|
|a GAO/PEMD-96-16
|
| 088 |
|
|
|a B-272491
|
| 110 |
1 |
|
|a United States.
|b General Accounting Office.
|
| 245 |
1 |
0 |
|a CDC's National Immunization Survey :
|b methodological problems limit survey's utility : report to the Honorable Dale Bumpers, U.S. Senate.
|
| 246 |
3 |
0 |
|a Methodological problems limit survey's utility
|
| 264 |
|
1 |
|a Washington, D.C. (441 G St., NW, Rm. LM, Washington 20548) :
|b U.S. General Accounting Office,
|c [1996]
|
| 300 |
|
|
|a 46 pages, 2 unnumbered pages :
|b illustrations ;
|c 28 cm.
|
| 336 |
|
|
|a text
|b txt
|2 rdacontent
|
| 337 |
|
|
|a microform
|b h
|2 rdamedia
|
| 338 |
|
|
|a microfiche
|b he
|2 rdacarrier
|
| 500 |
|
|
|a Cover title.
|
| 500 |
|
|
|a Distributed to depository libraries in microfiche.
|
| 500 |
|
|
|a Shipping list number: 97-0685-M.
|
| 500 |
|
|
|a "September 1996."
|
| 504 |
|
|
|a Includes bibliographical references.
|
| 500 |
|
|
|a "GAO/PEMD-96-16."
|
| 500 |
|
|
|a "B-272491"--P. 1.
|
| 533 |
|
|
|a Microfiche.
|b [Washington, D.C.] :
|c U.S. General Accounting Office,
|d [1996?]
|e 1 microfiche : negative.
|
| 530 |
|
|
|a Also available via Internet from the GPO Access web site. Address as of 7/23/03: http://frwebgate.access.gpo.gov/cgi-bin/getdoc.cgi?dbname=gao&docid=f:pe96016.pdf; current access is available via PURL.
|
| 500 |
|
|
|a Microform.
|
| 610 |
2 |
0 |
|a National Immunization Program (Centers for Disease Control and Prevention (U.S.)
|
| 650 |
|
0 |
|a Vaccination
|z United States.
|
| 650 |
|
0 |
|a Health surveys
|z United States.
|
| 776 |
1 |
|
|t CDC's national immunization survey : methodological problems limit survey's utility
|h 46, [2] p.
|w (OCoLC)36477477
|
| 856 |
4 |
1 |
|u https://purl.fdlp.gov/GPO/LPS33631
|z Adobe Acrobat Reader required
|t 0
|
| 999 |
|
|
|a MARS
|
| 999 |
f |
f |
|i 3ab68a8a-ebf0-370f-ad01-b886ec7f5f4f
|s ee24a79e-3b50-3a50-a2bc-74f238c69658
|t 0
|
| 952 |
f |
f |
|p normal
|a Texas A&M University
|b College Station
|c Sterling C. Evans Library
|d Evans: US Documents Microfiche (3rd floor)
|t 0
|e GA 1.13:PEMD-96-16
|h Superintendent of Documents classification
|i microform -- microfiche
|m A14821268822
|
| 952 |
f |
f |
|a Texas A&M University
|b College Station
|c Electronic Resources
|d Available Online
|t 0
|e GA 1.13:PEMD-96-16
|h Superintendent of Documents classification
|
| 998 |
f |
f |
|a GA 1.13:PEMD-96-16
|t 0
|l Available Online
|
| 998 |
f |
f |
|a GA 1.13:PEMD-96-16
|t 0
|l Evans: US Documents Microfiche (3rd floor)
|